Tilastot visalle 50 väkirikkainta valtiota järjestyksessä

Klikkaa tästä pelataksesi tätä visaa!

Yleistilastot

  • Tätä visaa on pelattu 3 620 kertaa
  • Keskiarvotulos 16 / 50

Vastaustilastot

VäkilukuValtio% Oikein
1 426 milKiina
100%
1 362 milIntia
98%
328 milYhdysvallat
94%
268 milIndonesia
83%
212 milBrasilia
80%
144 milVenäjä
72%
203 milPakistan
70%
199 milNigeria
65%
127 milJapani
65%
167 milBangladesh
56%
107 milFilippiinit
53%
132 milMeksiko
53%
109 milEtiopia
51%
82,4 milSaksa
47%
68,2 milRanska
45%
97,4 milVietnam
42%
100 milEgypti
38%
82,5 milTurkki
38%
59,2 milItalia
34%
82,5 milIran
32%
66,8 milYhdistynyt kuningaskunta
30%
85,6 milKongon dem. tasavalta
29%
46,4 milEspanja
24%
69,3 milThaimaa
23%
60,2 milTansania
18%
44,9 milArgentiina
18%
57,8 milEtelä-Afrikka
17%
51,3 milEtelä-Korea
17%
37,1 milKanada
16%
38,1 milPuola
15%
51,7 milKenia
15%
43,8 milUkraina
15%
29,8 milGhana
14%
45,1 milUganda
14%
29,3 milJemen
12%
40,0 milIrak
12%
54,1 milMyanmar
11%
42,4 milAlgeria
10%
49,7 milKolumbia
10%
42,1 milSudan
9%
32,8 milPeru
9%
36,9 milAfganistan
8%
32,6 milVenezuela
8%
33,9 milSaudi-Arabia
7%
32,6 milUzbekistan
7%
32,3 milMalesia
7%
29,8 milNepal
7%
31,4 milAngola
6%
36,4 milMarokko
5%
31,0 milMosambik
4%

Tulosjakauma

Persentiili vastausten määrän mukaan

Jokaisen tuloksen saaneiden osuus

Tuloshistoriasi

Et ole pelannut tätä visaa